000 00394cam a2200181 4500
001 D13564
008 090401t1934 xxu||||| |||| 00| 0 eng d
035 _a(Sirsi) u94470
041 _aeng
100 _aPalmer, Horace S.
245 4 _aThe law of leases
260 _bEstates Gazette
_c1934
300 _a142p
350 _a0
520 _aShelf 133
942 _n0
948 _c04/03/1997
999 _c98050
_d98050